| 000 | 00727nam a22002057a 4500 | ||
|---|---|---|---|
| 999 |
_c6203 _d6203 |
||
| 003 | AR-CdUCM | ||
| 008 | 190313b ||||| |||| 00| 0 spa d | ||
| 040 |
_aMUNICIPALIDAD PROVINCIAL DEL CUSCO _cBIBLIOTECA MUNICIPAL DEL CUSCO |
||
| 082 |
_a869.5612 / _bL86 |
||
| 100 |
_aLópez Albujar, Enrique _96 |
||
| 245 |
_aDe la tierra brava : _bpoemas afroyungas / |
||
| 260 |
_aLima . _bEditora Peruana, _c1938. |
||
| 300 |
_axix, 160 páginas ; _c23 cm. |
||
| 500 | _aAl poeta de los andes Enrique López Albújar / Francisco Villaespesa, p. ix. Donación de la familia Nieto | ||
| 650 |
_aPoesías peruanas _91481 |
||
| 650 |
_aSiglo XX _98 |
||
| 700 |
_aPalma, Clemente (Prólogo) _917897 |
||
| 942 |
_2ddc _cLIBROS |
||
| 945 | _araen | ||